000 00508nam a22001817a 4500
005 20171120141706.0
010 _aENG-121486
020 _a9789325995482
_c240.00
035 _aEN-105018
037 _bDBAD/PUB
082 _a000
245 _aObjective logical reasoning /
260 _aNew Delhi
_bS. Chand and Company
_c2014
270 _aHead Office-7361, Ram Nagar,
_bNew Delhi
_e110055
300 _aiii,various pagies.
_c24cm(pbk)
700 _a
942 _2ddc
_cEN
_h000
_mOBJ
999 _c147571
_d147571